| 000 | nam a22 a 4500 | ||
|---|---|---|---|
| 999 |
_c2283 _d2283 |
||
| 005 | 20170516085240.0 | ||
| 008 | 170516b1987 nyu||||| |||| 00| 0 eng d | ||
| 020 | _a002256120x | ||
| 040 | _aAKMAL | ||
| 082 | 0 | 4 | _a417.4 CAS |
| 090 |
_a417.4 _bCAS |
||
| 100 |
_aJack Cassidy _94803 |
||
| 245 |
_aScribner Reading Series: _bClimg The Hills _cJack Cassidy, Doris Roettger, Karen K.Wixson |
||
| 260 |
_aNew York _bSCRIBNER EDUCATIONAL PUBLISHERS _c1987 |
||
| 300 |
_a624p _c22cm |
||
| 942 |
_2ddc _cBOOK |
||